000
00242nam a22000977a 4500
082
_a
823
245
_a
DRAMA FOR YOUTH AND CHILDREN
246
_a
DRAMA FOR YOUTH AND CHILDREN
_b
DRAMA FOR YOUTH AND CHILDREN
650
_a
ENGLISH STORY
942
_c
BK
999
_c
8848
_d
8848